000
00287 a2200145 4500
001
161519
020
_a
040
_c
Magnum
100
_a
Ministerio da Educacao e Cultura
240
1
0
_a
Os animais
_l
por
245
1
0
_a
Os animais
362
0
_a
1899
697
_a
GERAL
942
_c
BK
999
_c
161519
_d
161519